| 000 | 00513nam a2200181Ia 4500 | ||
|---|---|---|---|
| 008 | 230718s9999 xx 000 0 und d | ||
| 020 | _a9781937707873 | ||
| 041 | _aeng | ||
| 082 |
_a510 _bCOT |
||
| 100 |
_aCotari J. _9197431 |
||
| 245 |
_aGRE _bQuantitative Comparisons And Data Interpretation Guide 6 |
||
| 250 | _a4th ed. | ||
| 260 |
_c2014 _bMG Prep, Inc |
||
| 300 | _a179 | ||
| 365 |
_cRs. _b1318.00 |
||
| 700 |
_aCotari J. _9197431 |
||
| 906 |
_dO:0447722-Apr-2015B:SE/SI/187410-Apr-2015 _cGENRL _b421.76 |
||
| 999 |
_c339338 _d339338 |
||